01563nam a2200277 i 4500003000900000005001700009007000300026008004100029020001800070040003000088082002900118100002500147240004200172245008300214264005100297264003000348300002700378336002700405337003300432338002800465500007100493520061600564650003201180650003601212700003701248DO-SdBNP20240305135508.0ta110113s2016 sp r 000 f spa d a9788401328510 aDO-SdBNPbspacBNPHUerda 4a823.914bF667p, 20162221 aFollett, Ken,d1949-10aThe pillars of the earth.lEspañol.10aLos pilares de la tierra /cKen Follett ; traducción de Rosalía Vázquez. 1aBarcelona, España :bPlaza & Janés,c2016. 3c2017. 1ra. reimpresión  a1038 páginasc24 cm. 2rdacontentatextobtxt 2rdamediaasin mediaciónbn 2rdacurrieravolumenbnc aIncluye datos biográficos del autor en la solapa de la cubierta  aNinguna novela histórica ha cautivado la imaginación del os lectores tanto como "Los pilares de la tierra". Desde su publicación, en 1989, ha sido y sigue siendo el libro preferido de millones de lectores en todo el mundo y se ha convertido en un fenómeno sin precedentes. La novela evoca de forma magistral la construcción de la catedral gótica de Kingsbrige, en Inglaterra, en el siglo XII. Esta catedral se convierte en la clave de una historia absorvente y fascinante sobre la lucha por el poder, pero tmbien sobre la dura realidad de la vida de Tom Builder, maestro constructor, y su familia.  4aNovela histórica inglesa  4aLiteratura histórica inglesa 1 aVázquez, Rosalíaetraductora